000 00417nam a22001577a 4500
003 OSt
005 20211009093823.0
008 211009b |||||||| |||| 00| 0 eng d
020 _a0813901219
040 _aHU
_cDDC
082 _a342.42
245 _aMagna Carta Text and Commentary
260 _acharlottesuille and London
_bUniversity press of Verginia
_c1998
300 _avii,58 24cm
_bill
942 _2ddc
_cBOOKS
_n0
999 _c11002
_d11002